[Event "SVK-chT2B 1920"]
[Site "Slovakia"]
[Date "2019.12.14"]
[Round "5.5"]
[White "Tokar, Zdenko"]
[Black "Koloditsova, Renata"]
[Result "0-1"]
[WhiteElo "2022"]
[BlackElo "2008"]
[PlyCount "136"]
[EventDate "2019.10.26"]
[EventType "team-tourn"]
[EventRounds "11"]
[EventCountry "SVK"]
[SourceTitle "CBM 194 Extra"]
[Source "ChessBase"]
[SourceDate "2020.03.31"]
[SourceVersion "1"]
[SourceVersionDate "2020.03.31"]
[SourceQuality "1"]
[WhiteTeam "Sala Slovan Duslo"]
[BlackTeam "Surany"]
[WhiteTeamCountry "SVK"]
[BlackTeamCountry "SVK"]

1. d4 d5 2. c4 c6 3. Nf3 Nf6 4. Nc3 dxc4 5. a4 Bf5 6. e3 e6 7. Bxc4 Bb4 8. 0-0 0-0 9. Bd3 Bg4 10. h3 Bh5 11. g4 Bg6 12. Bxg6 hxg6 13. Qc2 Na6 14. e4 Be7 15. Bf4 Rc8 16. Rfd1 Qa5 17. Ne5 Rfd8 18. Nc4 Nb4 19. Qb3 Qa6 20. Be3 Nd7 21. e5 Nc2 22. Rac1 Nxe3 23. fxe3 c5 24. d5 exd5 25. Nxd5 Bf8 26. Nf4 g5 27. Nh5 Nb8 28. Ng3 Qh6 29. Kh2 Nc6 30. Qc3 Qe6 31. Nf5 Nb4 32. Nfd6 Nd5 33. Rxd5 Qxd5 34. Nxc8 Rxc8 35. Rc2 Rd8 36. Rf2 g6 37. Nd6 Bxd6 38. exd6 Qxd6+ 39. Kg2 Qd5+ 40. Kh2 Qd6+ 41. Kg2 Re8 42. Re2 Qd5+ 43. Kf2 b6 44. b3 Qh1 45. Qf6 Qh2+ 46. Ke1 Qg1+ 47. Kd2 Re6 48. Qd8+ Kg7 49. Qd3 Qg3 50. Qc3+ f6 51. Qc4 Rd6+ 52. Kc2 Qxh3 53. Qe4 Rd7 54. Qe6 Rf7 55. Rd2 Qh8 56. e4 Qf8 57. e5 Qe7 58. exf6+ Qxf6 59. Qe8 Qe7 60. Qa8 Qb7 61. Qe8 Re7 62. Qd8 Qe4+ 63. Kb2 Rf7 64. Qb8 Qf4 65. Qd8 Qf6+ 66. Qxf6+ Kxf6 67. Rd6+ Ke5 68. Rxg6 Kf4 0-1

[Event "SVK-chT2B 1920"]
[Site "Slovakia"]
[Date "2019.10.27"]
[Round "2.4"]
[White "Kijac, Miroslav"]
[Black "Tokar, Zdenko"]
[Result "1-0"]
[WhiteElo "2116"]
[BlackElo "2010"]
[PlyCount "77"]
[EventDate "2019.10.26"]
[EventType "team-tourn"]
[EventRounds "11"]
[EventCountry "SVK"]
[SourceTitle "CBM 193 Extra"]
[Source "ChessBase"]
[SourceDate "2020.01.31"]
[SourceVersion "1"]
[SourceVersionDate "2020.01.31"]
[SourceQuality "1"]
[WhiteTeam "Trencin"]
[BlackTeam "Sala Slovan Duslo"]
[WhiteTeamCountry "SVK"]
[BlackTeamCountry "SVK"]

1. d4 Nf6 2. c4 g6 3. Nc3 Bg7 4. e4 d6 5. Nf3 0-0 6. Be2 e5 7. 0-0 Nc6 8. d5 Ne7 9. Nd2 Ne8 10. b4 f5 11. c5 f4 12. Nc4 Bd7 13. a4 a6 14. Ba3 Nc8 15. Bg4 Nf6 16. Bxd7 Qxd7 17. f3 Rd8 18. Qb3 Qf7 19. Na5 b6 20. Nc6 Rd7 21. cxb6 cxb6 22. Rac1 Ne8 23. b5 a5 24. Nb1 Bf8 25. Nd2 Kh8 26. Nc4 Qf6 27. Bb2 Bg7 28. Qc2 Qf8 29. Qf2 Rb7 30. Nd8 Rbb8 31. Ne6 Qe7 32. Na3 Bf6 33. Rc6 Qd7 34. Nc4 Bd8 35. Rc1 Kg8 36. g3 fxg3 37. hxg3 Rb7 38. f4 exf4 39. Qxf4 1-0

[Event "SVK-chT1W 1819"]
[Site "Slovakia"]
[Date "2019.02.02"]
[Round "7.6"]
[White "Tokar, Zdenko"]
[Black "Molnar, Erno"]
[Result "0-1"]
[WhiteElo "2027"]
[BlackElo "2247"]
[PlyCount "128"]
[EventDate "2018.10.27"]
[EventType "team-tourn"]
[EventRounds "11"]
[EventCountry "SVK"]
[SourceTitle "CBM 188 Extra"]
[Source "ChessBase"]
[SourceDate "2019.02.26"]
[SourceVersion "1"]
[SourceVersionDate "2019.02.26"]
[SourceQuality "1"]
[WhiteTeam "Sala Slovan Duslo"]
[BlackTeam "Gabcikovo MSK"]
[WhiteTeamCountry "SVK"]
[BlackTeamCountry "SVK"]

1. d4 Nf6 2. c4 g6 3. Nc3 d5 4. cxd5 Nxd5 5. e4 Nxc3 6. bxc3 Bg7 7. Bc4 c5 8. Ne2 0-0 9. Be3 Nc6 10. 0-0 Bg4 11. f3 Bd7 12. Qd2 Qa5 13. Rad1 Rac8 14. dxc5 Ne5 15. Bb3 Bb5 16. c4 Qxd2 17. Rxd2 Bxc4 18. Rfd1 Ba6 19. Nc1 e6 20. h3 Bf6 21. f4 Nc4 22. Bxc4 Bxc4 23. Nb3 Rc7 24. Rd7 Rfc8 25. Na5 Bb5 26. Rxc7 Rxc7 27. Nb3 e5 28. fxe5 Bxe5 29. Rd5 f6 30. Nd4 Bc4 31. Rd8+ Kg7 32. a3 a6 33. Kf2 Bf7 34. g4 Re7 35. Kf3 Be8 36. c6 bxc6 37. Ra8 c5 38. Ne2 Bb5 39. Bxc5 Rc7 40. Ra7 Rxa7 41. Bxa7 Bd6 42. Bd4 Bxa3 43. Nf4 Bc4 44. h4 Kf7 45. Bc3 Bd6 46. Ng2 Bc7 47. Ne3 Bb3 48. h5 a5 49. hxg6+ Kxg6 50. Nd5 Bxd5 51. exd5 a4 52. Bb4 f5 53. gxf5+ Kxf5 54. d6 Bd8 55. Bc5 h5 56. Bb4 Ke6 57. Ke4 Bf6 58. Ba3 h4 59. Kf3 Be5 60. Kg4 Bxd6 61. Bb2 Be7 62. Kf4 Kd5 63. Kg4 Kc4 64. Ba3 Bxa3 0-1

[Event "SVK-chT1W 1819"]
[Site "Slovakia"]
[Date "2018.10.27"]
[Round "1.8"]
[White "Kuna, Martin"]
[Black "Tokar, Zdenko"]
[Result "1-0"]
[WhiteElo "1960"]
[BlackElo "2027"]
[PlyCount "63"]
[EventDate "2018.10.27"]
[EventType "team-tourn"]
[EventRounds "11"]
[EventCountry "SVK"]
[SourceTitle "CBM 187 Extra"]
[Source "ChessBase"]
[SourceDate "2018.11.04"]
[SourceVersion "1"]
[SourceVersionDate "2018.11.04"]
[SourceQuality "1"]
[WhiteTeam "Nitra NSK"]
[BlackTeam "Sala Slovan Duslo"]
[WhiteTeamCountry "SVK"]
[BlackTeamCountry "SVK"]

1. e4 g6 2. d4 Bg7 3. Be3 d6 4. Nc3 c6 5. f4 Nf6 6. Be2 0-0 7. e5 dxe5 8. fxe5 Nd5 9. Nxd5 cxd5 10. Nf3 Nc6 11. Qd2 Bg4 12. 0-0 e6 13. h3 Bxf3 14. Rxf3 Rb8 15. c3 b5 16. a3 Na5 17. Raf1 Nc4 18. Bxc4 bxc4 19. Bg5 Qc7 20. h4 Rb7 21. h5 Qb6 22. Bf6 Rfb8 23. Bxg7 Kxg7 24. Qf4 Rg8 25. hxg6 hxg6 26. Rh3 Kf8 27. Rh7 Qc7 28. Qh6+ Ke8 29. Rh8 Rxh8 30. Qxh8+ Ke7 31. Qg8 f5 32. exf6+ 1-0

[Event "SVK-chT2B 1718"]
[Site "Slovakia"]
[Date "2018.02.04"]
[Round "7.5"]
[White "Halak, Matej"]
[Black "Tokar, Zdenko"]
[Result "1-0"]
[WhiteElo "1936"]
[BlackElo "2026"]
[PlyCount "113"]
[EventDate "2017.10.28"]
[EventType "team-tourn"]
[EventRounds "11"]
[EventCountry "SVK"]
[SourceTitle "EXT 2019"]
[Source "ChessBase"]
[SourceDate "2018.10.10"]
[SourceVersion "1"]
[SourceVersionDate "2018.10.10"]
[SourceQuality "1"]
[WhiteTeam "Trencin"]
[BlackTeam "Sala Slovan Duslo"]
[WhiteTeamCountry "SVK"]
[BlackTeamCountry "SVK"]

1. d4 Nf6 2. Bg5 g6 3. Nd2 Bg7 4. e4 d6 5. Ngf3 0-0 6. Bc4 c6 7. Bb3 Qc7 8. 0-0 e5 9. dxe5 dxe5 10. Qe2 Na6 11. h3 Nc5 12. Qe3 Nxb3 13. Nxb3 b6 14. Rad1 Be6 15. Nc1 Ne8 16. Nd3 f6 17. Bh6 Nd6 18. Bxg7 Kxg7 19. Nd2 Rae8 20. b3 c5 21. c4 a6 22. Nb1 Rc8 23. Rc1 Rf7 24. Nc3 Qb7 25. f4 Re8 26. fxe5 fxe5 27. Nxe5 Rxf1+ 28. Rxf1 Bxh3 29. Qf4 Be6 30. Nxg6 hxg6 31. Qxd6 Qd7 32. Qe5+ Kg8 33. Qf6 Qd4+ 34. Qxd4 cxd4 35. Nd5 Rf8 36. Rxf8+ Kxf8 37. Nxb6 Kf7 38. Kf2 Bg4 39. c5 Ke6 40. Nc4 Bd1 41. b4 Bc2 42. Kf3 g5 43. g3 Bd1+ 44. Kf2 Bc2 45. Nd6 g4 46. Ke2 Ke5 47. Kd2 Ba4 48. Kd3 Bc6 49. Nf7+ Kf6 50. Nh6 Bd7 51. Kxd4 Be6 52. a4 Bd7 53. Kd5 Bxa4 54. Nxg4+ Ke7 55. Ne3 Kd7 56. g4 Bc6+ 57. Ke5 1-0

[Event "SVK-chT2B 1718"]
[Site "Slovakia"]
[Date "2018.01.14"]
[Round "6.6"]
[White "Kubrican, Anton"]
[Black "Tokar, Zdenko"]
[Result "1/2-1/2"]
[WhiteElo "1888"]
[BlackElo "2031"]
[PlyCount "90"]
[EventDate "2017.10.28"]
[EventType "team-tourn"]
[EventRounds "11"]
[EventCountry "SVK"]
[SourceTitle "EXT 2019"]
[Source "ChessBase"]
[SourceDate "2018.10.10"]
[SourceVersion "1"]
[SourceVersionDate "2018.10.10"]
[SourceQuality "1"]
[WhiteTeam "Topolcany"]
[BlackTeam "Sala Slovan Duslo"]
[WhiteTeamCountry "SVK"]
[BlackTeamCountry "SVK"]

1. g3 Nf6 2. Bg2 g6 3. d3 Bg7 4. Nc3 0-0 5. e4 e5 6. Nf3 d6 7. 0-0 Nc6 8. h3 Bd7 9. Be3 h6 10. Qd2 Kh7 11. Rad1 Ng8 12. d4 Qc8 13. dxe5 Nxe5 14. Nxe5 Bxe5 15. Kh2 Bc6 16. f4 Bxc3 17. Qxc3 Qe6 18. f5 Qe7 19. Bd4 f6 20. fxg6+ Kxg6 21. Qf3 Bd7 22. Qd3 Kg7 23. Rf4 Be6 24. Rdf1 a6 25. Qf3 Rad8 26. b3 b5 27. Rh4 Kh7 28. Qd3 Kg7 29. Rff4 c5 30. Bb2 c4 31. Qf3 Kh7 32. Bc1 d5 33. exd5 Bxd5 34. Qh5 Bf7 35. Be4+ Qxe4 36. Qxh6+ Nxh6 37. Rxe4 f5 38. Rxh6+ Kg7 39. Re2 Rfe8 40. Rxe8 Rxe8 41. Bf4 Re2+ 42. Kg1 cxb3 43. axb3 Bg6 44. h4 Re1+ 45. Kg2 Re2+ 1/2-1/2

[Event "SVK-chT2B 1617"]
[Site "Slovakia"]
[Date "2017.02.11"]
[Round "8.5"]
[White "Bielik, Peter"]
[Black "Tokar, Zdenko"]
[Result "1/2-1/2"]
[WhiteElo "1840"]
[BlackElo "2030"]
[PlyCount "127"]
[EventDate "2016.10.08"]
[EventType "team-tourn"]
[EventRounds "11"]
[EventCountry "SVK"]
[SourceTitle "EXT 2018"]
[Source "ChessBase"]
[SourceDate "2017.10.13"]
[SourceVersion "1"]
[SourceVersionDate "2017.10.13"]
[SourceQuality "1"]
[WhiteTeam "Povazske Podhradie"]
[BlackTeam "Sala Slovan Duslo"]
[WhiteTeamCountry "SVK"]
[BlackTeamCountry "SVK"]

1. d4 Nf6 2. c4 c5 3. d5 e6 4. Nc3 exd5 5. cxd5 d6 6. e4 g6 7. Nf3 Bg7 8. h3 0-0 9. Bd3 Na6 10. a3 Nc7 11. 0-0 b5 12. Re1 a6 13. Bg5 Bb7 14. Rc1 h6 15. Bh4 g5 16. Bg3 Nh5 17. Bh2 Nf4 18. Bf1 Ng6 19. Qd2 Qd7 20. Ne2 a5 21. Ng3 c4 22. Nf5 Ne8 23. Nxg7 Nxg7 24. a4 bxa4 25. Bxc4 Ba6 26. Nd4 Rfc8 27. Bxa6 Rxa6 28. Rxc8+ Qxc8 29. Rc1 Qb7 30. Rc6 Rb6 31. Bxd6 Rxb2 32. Qxa5 Rb1+ 33. Kh2 Qb2 34. Qd8+ Kh7 35. Rc8 Nh4 36. Qg8+ Kg6 37. Be5 Qxf2 38. Qxg7+ Kh5 39. Rc2 Qg1+ 40. Kg3 Qe1+ 41. Rf2 Qxe4 42. Qxf7+ Ng6 43. Qf3+ Qxf3+ 44. Nxf3 Rd1 45. Bd4 Ne7 46. Kh2 Nxd5 47. g4+ Kg6 48. Ne5+ Kh7 49. Bb2 Nf4 50. h4 Rd5 51. hxg5 hxg5 52. Kg3 Ra5 53. Nc6 Rb5 54. Rh2+ Kg8 55. Rh8+ Kf7 56. Rb8 Rc5 57. Ne5+ Ke6 58. Rb6+ Kd5 59. Ra6 Rc2 60. Ra5+ Ke6 61. Ra6+ Kd5 62. Ra5+ Ke6 63. Ra6+ Kd5 64. Ra5+ 1/2-1/2

[Event "SVK-chT2B 1617"]
[Site "Slovakia"]
[Date "2017.01.21"]
[Round "7.5"]
[White "Tokar, Zdenko"]
[Black "Zahorsky, Robert"]
[Result "1/2-1/2"]
[WhiteElo "2030"]
[BlackElo "1951"]
[PlyCount "66"]
[EventDate "2016.10.08"]
[EventType "team-tourn"]
[EventRounds "11"]
[EventCountry "SVK"]
[SourceTitle "EXT 2018"]
[Source "ChessBase"]
[SourceDate "2017.10.13"]
[SourceVersion "1"]
[SourceVersionDate "2017.10.13"]
[SourceQuality "1"]
[WhiteTeam "Sala Slovan Duslo"]
[BlackTeam "Tlmace"]
[WhiteTeamCountry "SVK"]
[BlackTeamCountry "SVK"]

1. d4 d5 2. c4 c6 3. Nc3 Nf6 4. Nf3 e6 5. e3 Be7 6. Bd3 dxc4 7. Bxc4 Nbd7 8. 0-0 0-0 9. a3 a5 10. e4 b5 11. Bd3 Bb7 12. Re1 b4 13. axb4 axb4 14. Rxa8 Qxa8 15. e5 bxc3 16. exf6 Bxf6 17. bxc3 c5 18. Ng5 g6 19. Qg4 cxd4 20. cxd4 Qa5 21. Rd1 Qa4 22. Be3 Bg7 23. Rc1 Nf6 24. Qe2 Qd7 25. Bc4 Bd5 26. Bxd5 Nxd5 27. Nf3 Rc8 28. Rxc8+ Qxc8 29. g3 Qc3 30. Qd2 h5 31. Qxc3 Nxc3 32. Kf1 Kf8 33. Ne5 Ke7 1/2-1/2

[Event "SVK-chT2B 1617"]
[Site "Slovakia"]
[Date "2016.11.05"]
[Round "3.3"]
[White "Balogh, Peter"]
[Black "Tokar, Zdenko"]
[Result "1/2-1/2"]
[WhiteElo "2131"]
[BlackElo "2030"]
[PlyCount "92"]
[EventDate "2016.10.08"]
[EventType "team-tourn"]
[EventRounds "11"]
[EventCountry "SVK"]
[SourceTitle "CBM 175 Extra"]
[Source "ChessBase"]
[SourceDate "2016.12.12"]
[SourceVersion "1"]
[SourceVersionDate "2016.12.12"]
[SourceQuality "1"]
[WhiteTeam "Komarno"]
[BlackTeam "Sala Slovan Duslo"]
[WhiteTeamCountry "SVK"]
[BlackTeamCountry "SVK"]

1. e4 g6 2. d4 Bg7 3. c4 d6 4. Nc3 Nf6 5. Be2 0-0 6. g4 e5 7. d5 Nbd7 8. g5 Ne8 9. h4 c6 10. h5 cxd5 11. cxd5 a6 12. Qd3 Qe7 13. Qg3 b5 14. Be3 Bb7 15. hxg6 fxg6 16. Qh3 Bh8 17. Bg4 Rf7 18. Be6 Nf8 19. Bxf7+ Qxf7 20. Nge2 Rc8 21. Rc1 b4 22. Nd1 Rxc1 23. Nxc1 Qc7 24. 0-0 Bc8 25. Qg2 Nd7 26. b3 a5 27. f4 exf4 28. Bxf4 Ne5 29. Bxe5 Bxe5 30. Qf3 Qe7 31. Kh1 Ba6 32. Nd3 Bxd3 33. Qxd3 Qxg5 34. Qh3 Nf6 35. Ne3 Qh5 36. Qxh5 Nxh5 37. Rc1 Ng3+ 38. Kg2 Nxe4 39. Rc8+ Kg7 40. Nc4 Bd4 41. Nxa5 Nc3 42. Nc6 Bc5 43. Nxb4 Bxb4 44. a3 Bxa3 45. Rxc3 Kf6 46. Re3 Kf5 1/2-1/2

[Event "SVK-chT2B 1516"]
[Site "Slovakia"]
[Date "2016.02.13"]
[Round "8.2"]
[White "Nikel, Rastislav"]
[Black "Tokar, Zdenko"]
[Result "1-0"]
[WhiteElo "2050"]
[BlackElo "2043"]
[PlyCount "79"]
[EventDate "2015.10.17"]
[EventType "team-tourn"]
[EventRounds "11"]
[EventCountry "SVK"]
[SourceTitle "EXT 2019"]
[Source "ChessBase"]
[SourceDate "2018.10.10"]
[SourceVersion "1"]
[SourceVersionDate "2018.10.10"]
[SourceQuality "1"]
[WhiteTeam "Levice"]
[BlackTeam "Sala Slovan Duslo"]
[WhiteTeamCountry "SVK"]
[BlackTeamCountry "SVK"]

1. e4 g6 2. d4 Bg7 3. Nc3 d6 4. Be3 Nf6 5. f3 0-0 6. Qd2 e5 7. d5 c6 8. g4 cxd5 9. exd5 Re8 10. 0-0-0 a6 11. Nge2 e4 12. Nxe4 Nxe4 13. fxe4 Bxg4 14. Bg2 Nd7 15. Rdf1 Bxe2 16. Qxe2 Qa5 17. Qf2 Ne5 18. Kb1 Qc7 19. Bb6 Qd7 20. Bd4 Rac8 21. c3 b5 22. h4 Ng4 23. Qd2 Bxd4 24. cxd4 h5 25. Rf4 Rc7 26. Bh3 f5 27. Bxg4 fxg4 28. Rf6 Qg7 29. Qg5 Kh7 30. e5 dxe5 31. dxe5 Qh6 32. e6 Qxg5 33. hxg5 Rce7 34. Kc2 Rd8 35. Rd1 Rc7+ 36. Kb3 g3 37. d6 Rg7 38. e7 Rxd6 39. e8Q Rxd1 40. Rf8 1-0

[Event "SVK-chT2B 1516"]
[Site "Slovakia"]
[Date "2016.01.24"]
[Round "7.1"]
[White "Kral, Klaudia"]
[Black "Tokar, Zdenko"]
[Result "0-1"]
[WhiteElo "1912"]
[BlackElo "2036"]
[PlyCount "86"]
[EventDate "2015.10.17"]
[EventType "team-tourn"]
[EventRounds "11"]
[EventCountry "SVK"]
[SourceTitle "EXT 2019"]
[Source "ChessBase"]
[SourceDate "2018.10.10"]
[SourceVersion "1"]
[SourceVersionDate "2018.10.10"]
[SourceQuality "1"]
[WhiteTeam "Batorove Kosihy"]
[BlackTeam "Sala Slovan Duslo"]
[WhiteTeamCountry "SVK"]
[BlackTeamCountry "SVK"]

1. e4 g6 2. d4 Bg7 3. Be3 d6 4. Nc3 Nf6 5. f3 0-0 6. Qd2 Re8 7. 0-0-0 Nc6 8. Kb1 e5 9. d5 Ne7 10. Bb5 Bd7 11. Bc4 a6 12. Bh6 Bh8 13. h4 b5 14. Bf1 b4 15. Nce2 Qb8 16. g4 Bxg4 17. fxg4 Nxe4 18. Qe3 Nf6 19. Qg3 Nexd5 20. Bg2 e4 21. Qb3 Nxg4 22. Qxd5 Nxh6 23. Bxe4 Ra7 24. Rf1 Re5 25. Qd3 Qe8 26. Bd5 c6 27. Bf3 Nf5 28. Nh3 d5 29. Nhf4 Re3 30. Qd2 a5 31. Bg4 Nd6 32. Nd4 Nc4 33. Qd1 Qe5 34. c3 bxc3 35. Nxc6 Qe4+ 36. Qc2 Nd2+ 37. Kc1 Rc7 38. Qxe4 Rxe4 39. Nxd5 Nxf1 40. Nxc7 cxb2+ 41. Kc2 Rc4+ 42. Kd3 Rc3+ 43. Ke2 Ng3+ 0-1

[Event "SVK-chT2B 1516"]
[Site "Slovakia"]
[Date "2015.12.05"]
[Round "5.1"]
[White "Tokar, Zdenko"]
[Black "Laho, Maros"]
[Result "1/2-1/2"]
[WhiteElo "2029"]
[BlackElo "1973"]
[PlyCount "73"]
[EventDate "2015.10.17"]
[EventType "team-tourn"]
[EventRounds "11"]
[EventCountry "SVK"]
[SourceTitle "EXT 2019"]
[Source "ChessBase"]
[SourceDate "2018.10.10"]
[SourceVersion "1"]
[SourceVersionDate "2018.10.10"]
[SourceQuality "1"]
[WhiteTeam "Sala Slovan Duslo"]
[BlackTeam "Surany Lokomotiva"]
[WhiteTeamCountry "SVK"]
[BlackTeamCountry "SVK"]

1. d4 c6 2. c4 d5 3. Nf3 Nf6 4. Nc3 e6 5. Bg5 dxc4 6. e4 b5 7. e5 h6 8. Bh4 g5 9. Nxg5 hxg5 10. Bxg5 Nbd7 11. exf6 Bb7 12. Qd2 Qb6 13. Be2 0-0-0 14. 0-0 c5 15. d5 exd5 16. Bf3 Ne5 17. Qf4 Bd6 18. Qf5+ Kb8 19. Bf4 Nxf3+ 20. gxf3 b4 21. Ne2 Qc6 22. Bg3 Bc8 23. Qc2 Rh5 24. Kg2 Bf5 25. Qd2 Bh3+ 26. Kg1 d4 27. Nf4 Qxf3 28. Nxh3 Rxh3 29. Qd1 Qxf6 30. Qa4 Rdh8 31. Qb5+ Kc7 32. Qxc5+ Kd7 33. Qxa7+ Kd8 34. Qa8+ Kd7 35. Qb7+ Kd8 36. Qa8+ Kd7 37. Qb7+ 1/2-1/2

[Event "SVK-chT2B 1516"]
[Site "Slovakia"]
[Date "2015.11.08"]
[Round "4.2"]
[White "Prvy, Peter"]
[Black "Tokar, Zdenko"]
[Result "1/2-1/2"]
[WhiteElo "1774"]
[BlackElo "2043"]
[PlyCount "100"]
[EventDate "2015.10.17"]
[EventType "team-tourn"]
[EventRounds "11"]
[EventCountry "SVK"]
[SourceTitle "EXT 2019"]
[Source "ChessBase"]
[SourceDate "2018.10.10"]
[SourceVersion "1"]
[SourceVersionDate "2018.10.10"]
[SourceQuality "1"]
[WhiteTeam "Topolciansky CVC II"]
[BlackTeam "Sala Slovan Duslo"]
[WhiteTeamCountry "SVK"]
[BlackTeamCountry "SVK"]

1. c4 e5 2. Nc3 Nf6 3. Nf3 Nc6 4. g3 d5 5. cxd5 Nxd5 6. d3 Be7 7. Bg2 Be6 8. 0-0 0-0 9. Nd2 Qd7 10. Nxd5 Bxd5 11. Bxd5 Qxd5 12. Ne4 Rad8 13. Nc3 Qe6 14. Be3 a6 15. a3 f5 16. f3 Nd4 17. Bxd4 exd4 18. Nb1 Kh8 19. Nd2 Bg5 20. f4 Bf6 21. Nf3 h6 22. Qd2 Rfe8 23. Rf2 c5 24. Rc1 Rc8 25. Rc2 Qd5 26. Qc1 b5 27. Nd2 Rc7 28. b3 Rec8 29. Qb2 Qe6 30. a4 Qd6 31. axb5 axb5 32. Qa3 Qb6 33. Ra2 Rc6 34. Rf1 Re6 35. Rf2 Rce8 36. Kf1 Be7 37. Qa7 Qc6 38. Nf3 Qd5 39. Qa3 c4 40. bxc4 bxc4 41. dxc4 Qxc4 42. Qa4 Qc1+ 43. Kg2 Bf6 44. Nxd4 Re4 45. Qc2 Qxc2 46. Nxc2 Rxe2 47. Nb4 Re1 48. Nd3 R1e3 49. Nb4 Rd8 50. Rac2 Re4 1/2-1/2

[Event "SVK-chT2B 1314"]
[Site "Slovakia"]
[Date "2014.02.23"]
[Round "9.3"]
[White "Valovic, Stefan"]
[Black "Tokar, Zdenko"]
[Result "0-1"]
[WhiteElo "1987"]
[BlackElo "2026"]
[PlyCount "96"]
[EventDate "2013.10.19"]
[EventType "team-tourn"]
[EventRounds "11"]
[EventCountry "SVK"]
[SourceTitle "EXT 2015"]
[Source "ChessBase"]
[SourceDate "2014.11.20"]
[SourceVersion "1"]
[SourceVersionDate "2014.11.20"]
[SourceQuality "1"]
[WhiteTeam "Nitra NSK II"]
[BlackTeam "Sala"]
[WhiteTeamCountry "SVK"]
[BlackTeamCountry "SVK"]

1. d4 Nf6 2. Nf3 g6 3. Bg5 Bg7 4. e3 d6 5. Bd3 Nbd7 6. Nbd2 0-0 7. 0-0 e5 8. c3 c6 9. Qc2 Qc7 10. Ne1 h6 11. Bxf6 Nxf6 12. f4 Ng4 13. Rf3 exd4 14. exd4 Qe7 15. Nf1 f5 16. h3 Nf6 17. Re3 Qf7 18. Qf2 Be6 19. a4 Rae8 20. Nd2 Nd5 21. Re2 g5 22. fxg5 hxg5 23. Qg3 Nf4 24. Rf2 Qe7 25. Bf1 Nh5 26. Qd3 f4 27. Nef3 Bf5 28. Qc4+ d5 29. Qc5 Qxc5 30. dxc5 Bf6 31. a5 a6 32. Re2 Ng3 33. Rxe8 Rxe8 34. Re1 Ne4 35. Nxe4 dxe4 36. Bc4+ Kg7 37. Nd4 Bc8 38. Rd1 g4 39. Rf1 Be5 40. hxg4 Bxg4 41. Re1 e3 42. Be2 Bxd4 43. cxd4 Bxe2 44. Rxe2 Re4 45. Re1 Kf6 46. Rd1 Ke6 47. b3 Kd5 48. g3 f3 0-1

[Event "SVK-chT2B 1213"]
[Site "Slovakia"]
[Date "2012.12.16"]
[Round "6.5"]
[White "Sebensky, Martin"]
[Black "Tokar, Zdenko"]
[Result "0-1"]
[WhiteElo "2021"]
[BlackElo "2038"]
[PlyCount "86"]
[EventDate "2012.10.13"]
[EventType "team-tourn"]
[EventRounds "11"]
[EventCountry "SVK"]
[SourceTitle "EXT 2015"]
[Source "ChessBase"]
[SourceDate "2014.11.20"]
[SourceVersion "1"]
[SourceVersionDate "2014.11.20"]
[SourceQuality "1"]
[WhiteTeam "Komarno II"]
[BlackTeam "Sala"]
[WhiteTeamCountry "SVK"]
[BlackTeamCountry "SVK"]

1. d4 Nf6 2. c4 c5 3. d5 e6 4. Nc3 exd5 5. Nxd5 d6 6. g3 Nc6 7. Nf3 Be7 8. Bg2 0-0 9. 0-0 Be6 10. Bf4 Bxd5 11. cxd5 Nb4 12. Ne1 Re8 13. Nc2 a5 14. a3 Na6 15. Qd3 Qd7 16. b4 axb4 17. axb4 cxb4 18. Qb3 Qb5 19. Rfb1 Nd7 20. Na3 Qb6 21. Nc4 Qc7 22. Be3 Bf6 23. Ra2 Bc3 24. Nb6 Nxb6 25. Bxb6 Qxb6 26. Qxc3 Rac8 27. Qd2 b3 28. Rab2 Nc5 29. Qd4 Qb5 30. e4 Ra8 31. Bf1 Qd7 32. f3 Ra4 33. Qc3 b5 34. Qe3 f5 35. Bh3 g6 36. Qg5 Qg7 37. exf5 gxf5 38. Qxf5 Ra2 39. Qg4 Rea8 40. Qxg7+ Kxg7 41. Bf1 Rxb2 42. Rxb2 Ra2 43. Rb1 b2 0-1

[Event "SVK-chT1E 0809"]
[Site "Slovakia"]
[Date "2008.10.18"]
[Round "1.5"]
[White "Tokar, Zdenko"]
[Black "Horsak, Jan"]
[Result "1-0"]
[WhiteElo "2062"]
[BlackElo "2069"]
[PlyCount "151"]
[EventDate "2008.10.18"]
[EventType "team-tourn"]
[EventRounds "11"]
[EventCountry "SVK"]
[SourceTitle "EXT 2010"]
[Source "ChessBase"]
[SourceDate "2010.11.25"]
[SourceVersion "1"]
[SourceVersionDate "2010.11.25"]
[SourceQuality "1"]
[WhiteTeam "Michalovce Zemplin"]
[BlackTeam "Rajecke Teplice"]
[WhiteTeamCountry "SVK"]
[BlackTeamCountry "SVK"]

1. d4 Nf6 2. c4 g6 3. Nc3 Bg7 4. e4 d6 5. Be2 0-0 6. Nf3 Nc6 7. 0-0 e5 8. d5 Ne7 9. Ne1 Ne8 10. Be3 f5 11. f3 f4 12. Bf2 g5 13. b4 Ng6 14. Rc1 Rf7 15. c5 Bf8 16. cxd6 Bxd6 17. Nd3 b6 18. Nb5 h5 19. h3 Rh7 20. Nxd6 cxd6 21. Be1 Nf6 22. Nf2 Bd7 23. b5 Qf8 24. Bb4 Ne8 25. a4 Kh8 26. Kh2 Ne7 27. Qb3 Ng8 28. Rh1 Ngf6 29. Kg1 Rg7 30. Nd3 Qe7 31. Qa3 Rc8 32. Rxc8 Bxc8 33. Nb2 Nd7 34. Nc4 Nc5 35. a5 Qb7 36. axb6 axb6 37. Bc3 Qb8 38. Qc1 Kg8 39. Kh2 Nf6 40. Qc2 g4 41. hxg4 hxg4 42. Kg1 Rh7 43. Rxh7 Kxh7 44. Bd2 Kg7 45. Bc3 g3 46. Kf1 Bd7 47. Ke1 Kf7 48. Bf1 Ke7 49. Qb1 Be8 50. Qa1 Nfd7 51. Qa2 Bg6 52. Nd2 Qc8 53. Qa1 Be8 54. Nc4 Nb3 55. Qb2 Qc5 56. Qa2 Nd4 57. Qb2 Nxb5 58. Bb4 Qc7 59. Nxe5 Nf8 60. Ng4 Nh7 61. Qg7+ Kd8 62. Qxc7+ Kxc7 63. Bd2 Bd7 64. Nh6 Nf6 65. Bxf4 Nh5 66. Bg5 Nd4 67. Be7 Be8 68. Kd2 b5 69. Kc3 Nxf3 70. gxf3 Nf4 71. Nf5 g2 72. Bxg2 Nxg2 73. Bxd6+ Kd7 74. Bg3 Bh5 75. Nd4 Ne3 76. Kb4 1-0

[Event "SVK-chT2D 0506"]
[Site "Slovakia"]
[Date "2005.12.18"]
[Round "6.2"]
[White "Hricik, Peter"]
[Black "Tokar, Zdenko"]
[Result "1/2-1/2"]
[WhiteElo "1945"]
[BlackElo "2086"]
[PlyCount "60"]
[EventDate "2005.10.22"]
[EventType "team-tourn"]
[EventRounds "11"]
[EventCountry "SVK"]
[SourceTitle "EXT 2009"]
[Source "ChessBase"]
[SourceDate "2008.11.26"]
[SourceVersion "1"]
[SourceVersionDate "2008.11.26"]
[SourceQuality "1"]

1. d4 Nf6 2. Nf3 g6 3. Nc3 Bg7 4. Bf4 d6 5. Qd2 h6 6. e4 g5 7. Be3 Nbd7 8. Bc4 e6 9. h3 Nxe4 10. Nxe4 d5 11. Nexg5 dxc4 12. Ne4 Nf6 13. Nxf6+ Qxf6 14. Ne5 b6 15. Qb4 Qe7 16. Qb5+ Bd7 17. Qxc4 0-0-0 18. a4 Kb8 19. Ra3 Bxe5 20. dxe5 Bc8 21. a5 Rd5 22. axb6 cxb6 23. 0-0 Qd7 24. Rd3 Bb7 25. Rfd1 Rg8 26. g3 h5 27. Rxd5 Bxd5 28. Qb4 Qb7 29. Qd6+ Qc7 30. Qxc7+ Kxc7 1/2-1/2